Aviron Bayonnais | Peña Baiona - Paroles françaises - Statistiques

Statistiques générales
  • Ce quiz a été pris 89 fois
  • Le résultat moyen est 237 sur 280
Statistiques - réponses
Réponse % Correct
Baiona
100%
La
100%
la
100%
100%
lala
100%
Lala
100%
à
98%
À
98%
peña
98%
Peña
98%
Allez
97%
allez
97%
ces
97%
De
97%
de
97%
et
97%
blanc
95%
blancs
95%
bleu
95%
bleus
95%
est
95%
l'Aviron
95%
les
95%
Les
95%
Bayonnais
92%
une
92%
C'est
90%
c'est
90%
gars-là
90%
Il
90%
il
90%
Ils
90%
gars
89%
gars-là
89%
On
87%
on
87%
ont
87%
Petit
87%
petit
87%
Bayonne
85%
Dans
85%
dans
85%
Encore
85%
encore
85%
fois
85%
notre
85%
cher
84%
chers
84%
ou
84%
Ou
84%
tous
84%
Qui
82%
qui
82%
partout
79%
Partout
79%
portent
79%
voit
79%
Du
77%
du
77%
ne
77%
plus
77%
rugby
77%
Dax
75%
foulards
75%
joueurs
75%
Leur
75%
Leurs
75%
leurs
75%
Narbonne
75%
que
75%
fièrement
74%
l'cœur
74%
roi
74%
cet
72%
l'extérieur
72%
Sur
72%
sur
72%
gagné
70%
l'essai
69%
au
67%
bien
67%
sa
67%
air-là
66%
exploits
66%
applaudit
64%
Jean
64%
joie
64%
vos
64%
crie
62%
Jouez
62%
nos
62%
ont
62%
écartez
61%
nous
61%
Puis
59%
puis
59%
Dauger
57%
stades
57%
victoire
57%
bout
56%
Chez
54%
met
54%
ras
54%
fête
52%
tout
52%
d'ardeur
49%
enfiévrés
49%
Elle
48%
tant
44%
souvent
38%
s'habillent
34%
brillent
33%
Vêtus
31%
Aucun quiz correspondant
Distribution des résultats
% des personnes avec chaque résultat
Percentile par nombre de réponses
Votre historique - résultats
Vous n’avez pas pris ce quiz